Chemical and process thermodynamics

Đã lưu trong:
Bibliografiske detaljer
Hovedforfatter: Kyle, B. G.
Format: Bog
Sprog:Undetermined
Udgivet: Upper Saddle River, NJ Prentice-Hall 1999
Fag:
Tags: Tilføj Tag
Ingen Tags, Vær først til at tagge denne postø!
Thư viện lưu trữ: Trung tâm Học liệu Trường Đại học Cần Thơ
LEADER 00508nam a2200193Ia 4500
001 CTU_61478
008 210402s9999 xx 000 0 und d
020 |c 1543000 
082 |a 660.2969 
082 |b K99 
100 |a Kyle, B. G. 
245 0 |a Chemical and process thermodynamics 
245 0 |c B. G. Kyle 
260 |a Upper Saddle River, NJ 
260 |b Prentice-Hall 
260 |c 1999 
650 |a Thermodynamics 
904 |i Minh,Hải 
980 |a Trung tâm Học liệu Trường Đại học Cần Thơ